| 000 | 01097nam a22003137a 4500 | ||
|---|---|---|---|
| 001 | BR8400425 | ||
| 003 | BR-BrBNA | ||
| 005 | 20230928091846.0 | ||
| 007 | ta | ||
| 008 | 230509b bl.||||| |||| 00| 0 por d | ||
| 040 |
_aBR-BrBNA _bpor _cBiblioteca Nacional de Agricultura |
||
| 041 | _a(Por) | ||
| 072 |
_aF00; L00; A50 _b/G514 |
||
| 090 | _ F00 BR8400425 | ||
| 110 | 1 | _aUnidade de Execucao de Pesquisa de Ambito Estadual de Teresina, PI (Brasil) | |
| 245 | 1 | _aRelatorio tecnico anual da Unidade de Execucao de Pesquisa de Ambito Estadual de Teresina, Piaui-1980 [producao animal, producao vegetal, Brasil] | |
| 246 | 1 | _a[Technical yearly report of the State Execution Unit of Teresina, Piaui-1980 [animal yield, plant yield, Brazil]] | |
| 260 | 3 |
_aTeresina, PI (Brasil): _c1983. |
|
| 300 | _a131 p. | ||
| 650 | _aMELHORAMENTO VEGETAL | ||
| 650 | _aCOMPORTAMENTO DE VARIEDADE | ||
| 650 | _aPRATICA CULTURAL | ||
| 650 | _aMELHORAMENTO ANIMAL | ||
| 650 | _aPROJETO DE PESQUISA | ||
| 650 | _aTERESINA | ||
| 650 | _aPIAUI | ||
| 909 |
_a202309 _bLucia _c55 _dLucia Elande |
||
| 942 | _cBK | ||
| 999 |
_c35920 _d35920 |
||